000 00789nam a22002177a 4500
999 _c158285
_d158285
005 20181024145942.0
010 _aENG-124356
020 _a9780199484171
_c995.00
035 _aEN-107888
037 _bDBAD/PUB
082 _a340.1
245 _aDignity in the legal and political philosophy of ronald dworkin /
_ced. by Salman Khurshid; Lokendra Malik [and] Veronica Rodrfiguez-Blanco
260 _aNew Delhi
_bOxford University Press
_c2018
270 _bNew Delhi
_e110002
_a2/11 Ground Floor, Ansari Road, Daryaganj,
300 _axi,497p
_c22cm.(Hb)
500 _aIt includes about the editors and contributors and index
700 _aSalman Khurshid;
700 _aLokendra Malik
700 _aVeronica Rodrfiguez-Blanco
942 _2ddc
_cEN
_h340.1
_mDIG